00737nam a22002177a 4500999001700000003000900017008004100026040007100067082002000138100001700158245003200175260006000207300002600267440003700293505002200330650002400352650002100376942001600397945000800413952009800421 c10873d10873AR-CdUCM190329b ||||| |||| 00| 0 spa d aMUNICIPALIDAD PROVINCIAL DEL CUSCOcBIBLIOTECA MUNICIPAL DEL CUSCO aES / 800 /bV52 aVerne, Julio aUn Capitán de 15 años / aBilbao - España :bEditorial Vasco Americana ;c1964. a124 páginas ;c19cm aSelecciones Juveniles n8927926 aContenido: Novela aNovela juvenil9823 aLiteratura 9416 2ddccLIBROS anom 002ddc4070aSIbSIcCARTd2019-04-02g35.00oES / 800 / V52pSI00000881r2019-04-02yLIBROS